Ann Veal's Nicknames Quiz Stats

 Plays Quiz Updated Mar 5, 2019

Support Sporcle.
Go Orange.
Score 0/9 Timer 02:00
11 Plays Today
Nickname % Correct
Egg
85.7%
Bland
51.8%
Ann Hog
50.2%
Plant
43.9%
Plain
41.3%
Annabel
39.1%
Mouth
37.8%
Blank
37.3%
Yam
26.7%

You're not logged in!

Compare scores with friends on all Sporcle quizzes.
OR
Log In

From the Vault

Dragon Age: Origins

by Psydswipe

Why couldn't they have called it the Free Scone Age or something more pleasant?
Remove Ads.
Support Sporcle.
Get the best of Sporcle when you Go Orange. This ad-free experience offers more features, more stats, and more fun while also helping to support Sporcle. Thank you for becoming a member.

Show Comments

Extras

Top Quizzes Today


Score Distribution

Your Account Isn't Verified!

In order to create a playlist on Sporcle, you need to verify the email address you used during registration. Go to your Sporcle Settings to finish the process.

Report this User

Report this user for behavior that violates our Community Guidelines.

Details: